| 000 | 00615 a2200193 4500 | ||
|---|---|---|---|
| 999 |
_c26599 _d26599 |
||
| 008 | 230620b ||||| |||| 00| 0 eng d | ||
| 020 |
_a9789352718535 _cRs725.00 |
||
| 041 | 0 | _aeng | |
| 082 | 0 | 0 |
_a657 _bM2147 |
| 100 | _aMaheshwari, S. N. | ||
| 245 |
_aFinancial Accounting / _cS.N. Maheshwari, Suneel K. Maheshwari, and Sharad K. Maheshwari |
||
| 250 | _a6th rev ed. | ||
| 260 |
_aNoida: _bVikas Publishing House Pvt. Ltd., _c2022. |
||
| 300 |
_axvi, 3.171 p. : _bill. ; _c24 cm |
||
| 650 | 0 | _aAccounting | |
| 700 |
_95491 _aMaheshwari, Suneel K. |
||
| 700 |
_95219 _aMaheshwari, Sharad K. |
||
| 942 |
_2ddc _cBK |
||